Apología de la historia o el oficio de historiador /
Enregistré dans:
| Auteur principal: | |
|---|---|
| Format: | Inconnue |
| Publié: |
La Habana, Cuba :
Editorial de Ciencias Sociales,
1971.
|
| Collection: | (Historia)
|
| Sujets: | |
| Tags: |
Ajouter un tag
Pas de tags, Soyez le premier à ajouter un tag!
|
MARC
| LEADER | 000000000a22000000004500 | ||
|---|---|---|---|
| 001 | 003697 | ||
| 082 | 0 | 4 | |a 907.2 |b B651a |
| 100 | 1 | |a Bloch, Marc | |
| 245 | 1 | 0 | |a Apología de la historia o el oficio de historiador / |c Marc Bloch. |
| 260 | 1 | |a La Habana, Cuba : |b Editorial de Ciencias Sociales, |c 1971. | |
| 300 | |a 275 páginas | ||
| 490 | 1 | |a (Historia) | |
| 650 | 4 | |a HISTORIOGRAFIA | |
| 999 | |c 10165 |d 10165 | ||
| 942 | |c BK |h 907.2 B651a |2 z | ||
